[Event "2014 PHCC May  30/30   "]
[Site "Port Huron"]
[Date "2014.05.08"]
[Round "2"]
[White "Bedy, Noel"]
[Black "Wilkinson, Stewart"]
[Result "1/2-1/2"]
[WhiteElo "1519"]
[BlackElo "1909"]
[PlyCount "85"]
[EventDate "2014.05.08"]
[EventType "swiss (rapid)"]
[EventRounds "3"]

1. d4 e6 2. Nf3 f5 3. Bf4 Nf6 4. e3 Be7 5. Bd3 O-O 6. c3 d6 7. Qc2 Nbd7 8. Nbd2 Nb6 9. h3 Bd7 10. O-O-O Ba4 11. b3 Bd7 12. g4 Qc8 13. gxf5 exf5 14. Rdg1 d5 15. Ne5 Ba3+ 16. Kb1 Ne4 17. Bh6 g6 18. Nxg6 hxg6 19. Rxg6+ Kf7 20. Rhg1 Ke8 21. Bxf8 Bxf8 22. Nf3 c5 23. Ne5 cxd4 24. Nxd7 Nxd7 25. c4 Ne5 26. Be2 Nxg6 27. Rxg6 Nc3+ 28. Ka1 Nxe2 29. Qxe2 Kd8 30. Rg8 Qc5 31. Qh5 dxc4 32. Qh6 Kc7 33. Qh7+ Kb6 34. Rg6+ Bd6 35. Qd7 Rc8 36. Rxd6+ Rc6 37. Rxd4 a6 38. Rxc4 Qe5+ 39. Qd4+ Qxd4+ 40. Rxd4 Rc1+ 41. Kb2 Rh1 42. Rf4 Rxh3 43. Rxf5 {[ I had already been under 5 minutes for some time but now finally stopped keeping score. - NB...Draw Agreed.]} 1/2-1/2

[Event "2014 PHCC May  30/30   "]
[Site "Port Huron"]
[Date "2014.05.08"]
[Round "3"]
[White "Wilkinson, Stewart"]
[Black "Morabito, Matthew"]
[Result "1/2-1/2"]
[WhiteElo "1909"]
[BlackElo "1701"]
[PlyCount "98"]
[EventDate "2014.05.08"]
[EventType "swiss (rapid)"]
[EventRounds "3"]

1. e4 e5 2. Nc3 g6 3. d4 exd4 4. Qxd4 Qf6 5. e5 Qb6 6. Qxb6 axb6 7. Nd5 Kd8 8. Be3 Nc6 9. Nf3 Bg7 10. Bg5+ Nge7 11. Bd3 Ra5 12. Nxe7 Nxe7 13. Bf6 Bxf6 14. exf6 Nd5 15. O-O Nxf6 16. h4 d6 17. Rfe1 Bf5 18. Ng5 Rf8 19. b4 Bxd3 20. bxa5 Bxc2 21. axb6 c6 22. Re3 h6 23. Nf3 Nd5 24. Re2 Bf5 25. Rb2 Re8 26. Rc1 Kd7 27. Nd4 Bd3 28. Rd1 Ba6 29. g3 Nc3 30. Rc1 Nd5 31. a4 Re4 32. Rd2 Nxb6 33. a5 Nc4 34. Rdd1 Nxa5 35. Ra1 Nc4 36. Nb3 Kc7 37. Nd2 Nxd2 38. Rxd2 d5 39. Rc1 Bc4 40. Kg2 b5 41. Ra1 d4 42. f3 Re2+ 43. Rxe2 Bxe2 44. Kf2 Bc4 45. Ke1 Kd6 46. Kd2 Kd5 47. Ra7 Kc5 48. f4 Bd5 49. f5 Kb6 1/2-1/2

[Event "2014 PHCC May  30/30  "]
[Site "Port Huron"]
[Date "2014.05.08"]
[Round "2"]
[White "Gregg, Alan"]
[Black "Wingrove, William"]
[Result "1-0"]
[WhiteElo "1960"]
[BlackElo "1561"]
[PlyCount "64"]
[EventDate "2014.05.08"]
[EventType "swiss (rapid)"]
[EventRounds "3"]

1. b3 e5 2. Bb2 Nc6 3. e3 d6 4. Nf3 Nf6 5. d4 e4 6. Nfd2 d5 7. c4 Bg4 8. Qc1 Rc8 9. a3 Be7 10. Nc3 O-O 11. h3 Be6 12. Be2 Na5 13. c5 b6 14. b4 Nb7 15. Nb5 Ra8 16. Nc3 c6 17. O-O b5 18. f3 exf3 19. Nxf3 Qc7 20. Ne5 Nd7 21. Nd3 Bxh3 22. Nf4 Be6 23. e4 dxe4 24. d5 cxd5 25. Ncxd5 Bxd5 26. Nxd5 Qd8 27. Nxe7+ Qxe7 28. c6 Rac8 29. Qc3 Nf6 30. Rxf6 Qxf6 31. Qxf6 gxf6 32. cxb7 Rc7 {[And White won the ending a few moves later.]} 1-0

[Event "2014 PHCC May  30/30  "]
[Site "Port Huron"]
[Date "2014.05.08"]
[Round "3"]
[White "Gregg, Alan"]
[Black "Bedy, Noel"]
[Result "1-0"]
[WhiteElo "1960"]
[BlackElo "1519"]
[PlyCount "66"]
[EventDate "2014.05.08"]
[EventType "swiss (rapid)"]
[EventRounds "3"]

1. e4 d5 2. e5 c5 3. Nf3 Bg4 4. h3 Bh5 5. Bb5+ Nc6 6. Nc3 e6 7. g4 Bg6 8. d4 a6 9. Bxc6+ bxc6 10. Be3 Qa5 11. Bd2 c4 12. O-O Qc7 13. Re1 Be7 14. b3 c5 15. Na4 cxd4 16. Nxd4 Be4 17. Bf4 c3 18. Re3 g5 19. Bg3 h5 20. Rxc3 Qa7 21. gxh5 Nh6 22. Nc6 Qb7 23. Nxe7 Kxe7 24. Nc5 Qb4 25. Nxe4 Qxe4 26. Qd3 Qb4 27. Qe3 Kd7 28. a3 Qb7 29. Qc5 Nf5 30. Qb4 Qxb4 31. axb4 Nxg3 32. fxg3 Rxh5 33. g4 Rhh8 {[White wins on time.]} 1-0

[Event "2014 PHCC May  30/30 "]
[Site "Port Huron"]
[Date "2014.05.08"]
[Round "1"]
[White "Morabito, Matthew"]
[Black "Gregg, Alan"]
[Result "1/2-1/2"]
[WhiteElo "1701"]
[BlackElo "1960"]
[PlyCount "85"]
[EventDate "2014.08.??"]
[EventType "swiss (rapid)"]
[EventRounds "3"]

1. Nf3 b6 2. g3 Bb7 3. Bg2 d6 4. O-O Nf6 5. c4 e6 6. Nc3 Be7 7. Qa4+ Nbd7 8. Nd4 Bxg2 9. Kxg2 O-O 10. Nc6 Qe8 11. d4 Nb8 12. Nxe7+ Qxe7 13. Bg5 h6 14. Bxf6 Qxf6 15. Rad1 a6 16. e4 Qe7 17. e5 Qd7 18. Qxd7 Nxd7 19. exd6 cxd6 20. Ne4 d5 21. cxd5 exd5 22. Nc3 Nf6 23. Rfe1 Rfe8 24. Re5 Red8 25. Rde1 Ra7 26. f3 Kf8 27. Kf2 b5 28. Rf5 Rc7 29. Ree5 b4 30. Nxd5 Nxd5 31. Rxd5 Rxd5 32. Rxd5 Rc2+ 33. Ke3 Rxb2 34. Ra5 b3 35. axb3 Rxb3+ 36. Ke4 Rb6 37. h4 Ke7 38. Rc5 Kd7 39. g4 g6 40. f4 Kd6 41. Rd5+ Ke7 42. Rc5 Kd6 43. Rc8 1/2-1/2

[Event "2014 PHCC May  30/30 "]
[Site "Port Huron"]
[Date "2014.05.08"]
[Round "1"]
[White "Wilkinson, Stewart"]
[Black "Jones, G. Avery"]
[Result "1-0"]
[WhiteElo "1909"]
[BlackElo "1590"]
[PlyCount "70"]
[EventDate "2014.08.??"]
[EventType "swiss (rapid)"]
[EventRounds "3"]

1. e4 c6 2. d4 d5 3. e5 Bf5 4. Nf3 e6 5. c3 Qb6 6. Be2 Bxb1 7. Rxb1 Ne7 8. O-O Ng6 9. Be3 Nd7 10. b4 Be7 11. a4 O-O 12. a5 Qc7 13. Qd2 Rac8 14. Rfc1 b6 15. axb6 Nxb6 16. Ba6 Rb8 17. Ne1 Rfd8 18. f4 Nh4 19. Bd3 Nc4 20. Bxc4 dxc4 21. Qf2 Nf5 22. Nc2 Bh4 23. Qe2 Qb7 24. g3 Bxg3 25. hxg3 c5 26. Qg2 cxd4 27. Qxb7 Rxb7 28. Bxd4 Nxg3 29. Re1 h5 30. Ra1 Rdd7 31. Kg2 Nf5 32. Ra5 g6 33. Rea1 Nxd4 34. Nxd4 Rdc7 35. Nb5 Rd7 1-0

[Event "2014 PHCC May  30/30 "]
[Site "Port Huron"]
[Date "2014.05.08"]
[Round "3"]
[White "Jones, G. Avery"]
[Black "Rutkofske, Lonnie"]
[Result "0-1"]
[WhiteElo "1590"]
[BlackElo "1864"]
[PlyCount "100"]
[EventDate "2014.08.??"]
[EventType "swiss (rapid)"]
[EventRounds "3"]

1. d4 Nf6 2. Nf3 c5 3. c3 cxd4 4. cxd4 Nc6 5. Nc3 e6 6. g3 Rb8 7. Bg2 d6 8. O-O Be7 9. e4 O-O 10. Bg5 Ne8 11. Bxe7 Nxe7 12. Qb3 b5 13. a3 Ba6 14. Rfe1 Qb6 15. Bf1 Bc8 16. Qxb5 Qc7 17. Qe2 Bd7 18. Rac1 Qa5 19. Ra1 Rb3 20. Qc2 Rb8 21. b4 Qh5 22. Be2 Qh6 23. Kg2 f5 24. Nh4 g5 25. Qd2 Qf6 26. e5 Qg7 27. Nf3 Bc6 28. Kg1 Bxf3 29. Bxf3 g4 30. Bg2 d5 31. Na4 f4 32. Nc5 fxg3 33. fxg3 Rb6 34. Nd7 Rf5 35. Nxb6 axb6 36. Rf1 Rh5 37. Qe2 Nf5 38. Rf4 Rg5 39. Qb5 Qe7 40. Rc1 h5 41. Rc8 Nfg7 42. Rf6 Kh7 43. Rf4 Nc7 44. Qxb6 Nce8 45. Qb5 h4 46. Qe2 hxg3 47. hxg3 Qd7 48. Rb8 Qc7 49. Ra8 Nf5 50. Kf2 Qc3 {[Black won on time]} 0-1

[Event "2014 PHCC May  30/30"]
[Site "Port Huron"]
[Date "2014.05.08"]
[Round "1"]
[White "Wingrove, William"]
[Black "Rutkofske, Lonnie"]
[Result "1/2-1/2"]
[WhiteElo "1561"]
[BlackElo "1864"]
[Annotator "Lon Rutkofske"]
[PlyCount "48"]
[EventDate "2014.05.08"]
[EventType "swiss (rapid)"]
[EventRounds "3"]

1. e4 e6 2. d4 d5 3. Nc3 Bb4 4. e5 c5 5. a3 Bxc3+ 6. bxc3 Qc7 7. Bd2 Nc6 8. Nf3 f6 9. exf6 (9. Bb5 fxe5 10. Nxe5 Nf6 11. Bxc6+ bxc6 12. O-O O-O 13. Re1 cxd4 14. cxd4 c5 15. f3 Ba6 16. Nd3 Bxd3 17. cxd3 cxd4) 9... Nxf6 10. Bd3 c4 11. Be2 e5 (11... Bd7 12. O-O O-O 13. Rb1 b6 14. g3 Qd6 15. a4 h6 16. Bc1 Rf7 17. a5 Ne4 18. Bb2) 12. dxe5 Nxe5 13. O-O O-O 14. Re1 Ne4 15. Be3 (15. Rf1 Ng4 16. h3 Ngf6 17. Ng5 Bf5 18. Bf3 h6 19. Nxe4 dxe4 20. Be2 Rad8 21. Qc1) 15... Nxf3+ {Diagram } (15... Nxc3 16. Qd4 Nxe2+ 17. Rxe2 Nxf3+ 18. gxf3 Qf7 19. Rd1 Qg6+ 20. Kf1 Bh3+ 21. Ke1 Rad8 22. Qh4 Qg1+ 23. Kd2 Qxh2 24. Bd4 Qg2 25. Re7 Rf7 26. Rxf7 Kxf7 27. Qxd8) 16. Bxf3 Be6 17. Bd4 Ng5 18. Re3 {Diagram } (18. Rxe6 Nxe6 19. Bxd5 Rae8 (19... Qd7 20. Qh5 Rad8 21. Bxc4 Rc8 22. Qe2 Rfe8 23. Re1 Rc6 24. Bxa7 Kh8 25. Bd4 Nc7 26. Be3 Qe7 27. Rd1 Qxa3 28. Qd3 Qe7 29. h3 Qf8 30. Qd4 Ne6 31. Qh4 Rd6 32. Bd3 g6 33. Qe4 Rd7 34. Re1 Rde7 35. Bb5 Ng7 36. Qb4 Rc8 37. Be2 Ree8 38. Qxb7 Nf5 39. Bc1 Qg7 40. Qxg7+ Kxg7 41. Kf1 h5 42. g4 hxg4 43. hxg4 Nd6 44. Bf4 Re6 45. Ra1 Ne4 46. Bd3 Nxc3 47. Ra7+ Kg8 48. Ra5 Nb1 49. Kg2 Nc3 50. Be5 Nb1 51. f4 Nd2 52. Rd5 Rb6 53. Rd4 Rbc6 54. Rd7 Kf8 55. Rg7 Nc4 56. Bxc4 Rxc4 57. Rxg6 Rxc2+ 58. Kf3 R8c6) 20. Qg4 Qf7 21. Re1 Kh8 22. Bxe6 Rxe6 23. Rxe6) 18... Nxf3+ 19. Rxf3 Rxf3 20. Qxf3 Rf8 21. Qe3 Bf5 22. Re1 (22. Bxa7 Rf6 23. Qe8+ Rf8 24. Qb5 Qc6 25. Rb1 Re8 26. Be3 Qxb5 27. Rxb5 Re7 28. h3 Be4 29. Kh2 Rd7 30. Rb2 Re7 31. Bc5 Rc7 32. Bb6 Re7 33. a4 Bg6 34. Bc5 Rc7 35. Bd4 Be8 36. a5 Bc6 37. Rb6 Ba4 38. a6 bxa6 39. Rxa6 Bxc2 40. Rd6 Rb7 41. f3 Kf7 42. g4 Ke7 43. Rxd5 Ke6 44. Re5+ Kd6 45. Rg5 g6 46. Kg3 Rd7 47. h4 Rf7 48. h5 Bd1 49. f4 Bc2 50. Rc5 Bd3 51. Re5 Kd7 52. Bc5 Kc6 53. h6 Kd7 54. Re1) 22... Bg6 23. Qe6+ Bf7 24. Qg4 Bg6 {Draw Agreed} 1/2-1/2

[Event "2014 PHCC May  30/30"]
[Site "Port Huron"]
[Date "2014.05.08"]
[Round "2"]
[White "Rutkofske, Lonnie"]
[Black "Morabito, Matthew"]
[Result "0-1"]
[WhiteElo "1864"]
[BlackElo "1701"]
[PlyCount "96"]
[EventDate "2014.05.08"]
[EventType "swiss (rapid)"]
[EventRounds "3"]

1. c4 g6 2. g3 Bg7 3. Bg2 Nf6 4. Nc3 O-O 5. d3 c5 6. e4 Nc6 7. Nge2 e6 8. O-O d6 9. h3 Bd7 10. Bd2 $2 {[I intended Be3...but dropped the B on the wrong square...losing a tempo.]} a6 11. a3 Rb8 12. Rb1 b5 13. cxb5 axb5 14. Qc1 Ne5 15. d4 Nd3 16. Qc2 c4 17. Nf4 b4 18. Nxd3 $4 {[A huge blunder losing a piece for a pawn.]} cxd3 19. Qxd3 bxc3 20. Qxc3 Bb5 21. Rfe1 Rc8 22. Qe3 Nd7 23. Bc3 Nb6 24. b3 d5 25. Ba5 dxe4 26. d5 Nxd5 27. Bxd8 Nxe3 28. Rxe3 Bd3 29. Rxd3 exd3 30. Bg5 f6 31. Be3 Rfd8 32. Rd1 Rc3 33. b4 Rxa3 34. b5 Rb3 35. b6 e5 36. b7 e4 37. Ba7 f5 38. f3 Bd4+ 39. Bxd4 Rxd4 40. Kf2 Rxb7 41. fxe4 fxe4 42. Ke3 Rdb4 43. Rf1 Re7 44. Ra1 Kg7 45. Ra2 Rc4 46. h4 Rc2 47. Rxc2 dxc2 48. Kd2 e3+ 0-1

[Event "2014 USCF May/June Round Robin"]
[Site "Port Huron"]
[Date "2014.05.15"]
[Round "1"]
[White "Bedy, Noel"]
[Black "Wingrove, William"]
[Result "1/2-1/2"]
[WhiteElo "1509"]
[BlackElo "1685"]
[PlyCount "73"]
[EventDate "2014.05.15"]
[EventType "tourn"]
[EventRounds "5"]

1. d4 Nf6 2. Nd2 d5 3. Ngf3 g6 4. e3 Bg7 5. b4 O-O 6. c4 a5 7. cxd5 Nxd5 8. b5 c5 9. bxc6 Nxc6 10. Bb2 Bd7 11. a3 Rc8 12. Be2 Na7 13. Rc1 Nb6 14. O-O Ba4 15. Rxc8 Qxc8 16. Qb1 Qd7 17. Rc1 Rc8 18. Bd3 Bb5 19. Rxc8+ Naxc8 20. Nb3 Na4 21. Bxb5 Qxb5 22. Nfd2 Nd6 23. Ba1 Nc4 24. Nc1 Qxb1 25. Nxb1 e6 26. Nc3 Nab2 27. Bxb2 Nxb2 28. Nb3 b6 29. Nd2 Bf8 30. Nb5 Be7 31. Kf1 Kf8 32. Ke2 Ke8 33. g3 Kd7 34. e4 Kc6 35. Na7+ Kb7 36. Nb5 Kc6 37. Na7+ 1/2-1/2

[Event "2014 USCF May/June Round Robin"]
[Site "Port Huron"]
[Date "2014.05.15"]
[Round "1"]
[White "Morabito, Matthew"]
[Black "Jones, G. Avery"]
[Result "1-0"]
[WhiteElo "1801"]
[BlackElo "1641"]
[PlyCount "83"]
[EventDate "2014.05.15"]
[EventType "tourn"]
[EventRounds "5"]

1. Nf3 Nf6 2. g3 g6 3. Bg2 Bg7 4. c4 O-O 5. Nc3 Nc6 6. d4 d5 7. cxd5 Nxd5 8. O-O Nxc3 9. bxc3 e6 10. Bg5 Bf6 11. Bxf6 Qxf6 12. Rb1 Rb8 13. Nd2 Bd7 14. Ne4 Qe7 15. Nc5 Na5 16. Nxb7 Nc4 17. Rb4 Nb6 18. Nc5 c6 19. e4 a5 20. Rb3 Nc4 21. Qe2 Rxb3 22. axb3 Nd6 23. Qa6 Rb8 24. Qa7 Rc8 25. Qxd7 Qf8 26. Bh3 Rd8 27. Qc7 Nb5 28. Qxa5 Ra8 29. Qb4 Qh6 30. Kg2 Qd2 31. Nd7 Rd8 32. Qe7 Rxd7 33. Qe8+ Kg7 34. Qxd7 Qd3 35. Re1 Qxc3 36. Re3 Qd2 37. Bxe6 Nc3 38. Qxf7+ Kh6 39. Qf8+ Kh5 40. g4+ Kg5 41. h4+ Kxh4 42. Qh6# 1-0

[Event "2014 USCF May/June Round Robin"]
[Site "Port Huron"]
[Date "2014.05.15"]
[Round "1"]
[White "Wilkinson, Stewart"]
[Black "Rutkofske, Lonnie"]
[Result "1/2-1/2"]
[WhiteElo "1855"]
[BlackElo "1800"]
[Annotator "Fritz 12"]
[PlyCount "95"]
[EventDate "2014.05.15"]
[EventType "tourn"]
[EventRounds "5"]

1. e4 g6 2. Nc3 Bg7 3. Nf3 a6 4. d4 d6 5. Be3 Nd7 6. Bd3 e6 7. O-O b6 8. Qd2 Bb7 9. a4 h6 10. Rfe1 Ne7 11. Ne2 Nf6 12. Ng3 Ng4 13. c3 Nxe3 14. Qxe3 O-O 15. Rad1 Bc6 16. Bc2 Qe8 17. b3 a5 18. c4 Bd7 19. Nh4 g5 20. Nf3 Ng6 21. Nh5 Bh8 22. e5 Qe7 23. h3 {Diagram } Rab8 24. Nh2 {Diagram } dxe5 25. Ng4 f5 26. Nxe5 Bxe5 27. dxe5 Bc6 28. g3 Rbd8 29. h4 Kf7 30. g4 Nxh4 31. gxf5 Nf3+ 32. Kf1 Nxe1 33. Rxe1 {Diagram } Qb4 34. Be4 Bxe4 35. Qxe4 Rd2 36. fxe6+ Kxe6 37. Qg6+ Ke7 38. Nf6 Kd8 {Diagram } (38... Qc3 39. Nd5+ Rxd5 40. cxd5 Qf3 41. d6+ Kd8 42. dxc7+ Kxc7 43. Rc1+ Kb7 44. Qc2 Qh1+ 45. Ke2 Qf3+ 46. Kf1 Qh1+ 47. Ke2 Qf3+ 48. Kf1) 39. Qe4 Qc5 40. Re2 {Diagram } (40. Re3 Qd4 41. Qa8+ Ke7 42. Qc6 Qc5 43. Qe4 Qd4 44. Qh7+ Rf7 45. Qh8 Rf8 46. Qg7+ Rf7 47. Ng8+) 40... Rd1+ 41. Kg2 (41. Re1 Rxe1+ 42. Qxe1 Qd4 43. Qe2 Qa1+ 44. Kg2 Rxf6 45. exf6 Qxf6 46. Qd1+ Kc8 47. Qg4+ Kb8 48. Qe4 Qd8 49. f3 Qd6 50. Kh3 Qd7+ 51. Kg3 h5 52. c5 bxc5 53. Qe3 h4+ 54. Kg2 g4 55. fxg4 c4 56. bxc4 Qxg4+ 57. Kh2 h3 58. Qd2 Qg2+ 59. Qxg2 hxg2 60. Kxg2 Kb7 61. Kf3 Kb6 62. Ke4 Kc5 63. Kd3 Kb4 64. Kd4 Kxa4 65. c5 Kb3 66. Ke4 a4) 41... c6 42. Qh7 Qd4 43. Qxh6 Rxf6 44. Qxf6+ Kc8 45. Qe6+ Kb7 46. Qe7+ Ka6 47. Qxg5 Qa1 48. Qe3 {[Under extreme time pressure (I had less than a minute left and Stew had in excess of 5 minutes), I made the text move. In making the move, I accidently knocked over both my queen, my rook and the b pawn. In my haste, I replaced the pieces as rapidly as possible and pushed my clock, inadvertently placing my Q on b1, neither of us realizing my error. With my Queen on b1, play continued 48.Qe3 Rg1+ 49.Kf3 Qf5+ 50.Qf4 Qd3+ 51.Re3 Qd1+ 52.Re2 Qd3+ 53.Re3 Qd1+ 54.Ke4 Rg4 55.Qxg4 Qxg4+ 56.Kd3 Qd1+ and White lost on time! In the process of reviewing the game score in the wee hours of Friday morning, it became evident that there was a discrepancy between our score sheets. On move 47 I recorded Qa1 and Stew had Qb1. By rule, if this happens, White would have two moves to rectify the position or the game continues. Also by rule, once a player has less than 5 minutes, he is no longer obliged to keep score. Additionally, his opponent is no longer required to keep score. I received confirmation of my suspicions in a chat with Noel Bedy while playing chess in St. Clair the following Saturday. As much as I wanted the win over Stew (I had not defeated him in a serious game since 1990), in good conscience I just could not take the win under these circumstances and called Stew Saturday evening, related the situation and offered him a draw. He accepted. Let the controversy begin! According to Fritz 12, after I get my Q to b1, the position is equal, although White is ahead two pawns, his K is exposed to merciless attack and mating threats.]} 1/2-1/2

[Event "2014 USCF May/June Round Robin "]
[Site "Port Huron"]
[Date "2014.05.22"]
[Round "2"]
[White "Rutkofske, Lonnie"]
[Black "Jones, G. Avery"]
[Result "1-0"]
[WhiteElo "1800"]
[BlackElo "1641"]
[PlyCount "79"]
[EventDate "2014.05.22"]
[EventType "tourn"]
[EventRounds "5"]

1. c4 c6 2. b3 d5 3. g3 e5 4. Bg2 Nf6 5. Bb2 Bd6 6. Nf3 Nbd7 7. O-O O-O 8. d4 Re8 9. cxd5 e4 10. Nfd2 cxd5 11. e3 Nf8 12. Nc3 Bg4 13. f3 exf3 14. Bxf3 Bd7 15. e4 dxe4 16. Ndxe4 Nxe4 17. Nxe4 Bb4 18. a3 Ba5 19. Nd6 Bc8 20. Nxe8 Qxe8 21. Qd3 Ng6 22. Bd5 Be6 23. Bxe6 Qxe6 24. Rf5 Bb6 25. Raf1 Re8 26. Kg2 f6 27. Qc4 Kf7 28. R5f3 Rc8 29. Qd3 Qg4 30. Kh1 Qd7 31. Qf5 Qd8 32. d5 Nf8 33. Qh5+ Kg8 34. Qg4 Ng6 35. Qe6+ Kh8 36. Rxf6 Rc2 37. Qf5 Bc5 38. Qxc2 Qxd5+ 39. R6f3 Ne5 40. Bxe5 1-0

[Event "2014 USCF May/June Round Robin "]
[Site "Port Huron"]
[Date "2014.05.22"]
[Round "2"]
[White "Wingrove, William"]
[Black "Wilkinson, Stewart"]
[Result "0-1"]
[WhiteElo "1685"]
[BlackElo "1855"]
[PlyCount "112"]
[EventDate "2014.05.22"]
[EventType "tourn"]
[EventRounds "5"]

1. e4 e6 2. d4 d5 3. Nc3 Bb4 4. e5 Ne7 5. a3 Bxc3+ 6. bxc3 b6 7. Bb5+ c6 8. Bd3 Ba6 9. Bxa6 Nxa6 10. Qd3 Nb8 11. Nf3 Nd7 12. O-O c5 13. a4 O-O 14. Re1 Nf5 15. Ng5 h6 16. Nh3 f6 17. exf6 Qxf6 18. Bb2 Nd6 19. f4 cxd4 20. Qxd4 Rac8 21. Ba3 Nc5 22. Re2 Nc4 23. Bxc5 Rxc5 24. g3 Nd6 25. Qxf6 Rxf6 26. Rae1 Kf7 27. Nf2 Rxc3 28. Ng4 Rf5 29. Rxe6 Ne4 30. Re5 Rxe5 31. Nxe5+ Ke6 32. Re2 Kd6 33. Nd3 Ra3 34. Nb2 Nc5 35. Rd2 Kc6 36. Rd4 Ra2 37. Nd3 Nxd3 38. Rxd3 Rxa4 39. Re3 Re4 40. Ra3 a5 41. Kf2 a4 42. Kf3 Kb5 43. g4 Kb4 44. Rd3 Rc4 45. Rxd5 a3 46. Rd7 Rxc2 47. h4 a2 48. Ra7 Rc3+ 49. Ke4 Ra3 50. Rxg7 a1=Q 51. Rb7 Qb1+ {[51....,Qh1+!!]} 52. Ke5 Re3+ 53. Kf6 Qb2+ 54. Kf7 Qb3+ 55. Kg7 Qe6 56. Kh8 Qf6+ 0-1

[Event "2014 USCF May/June Round Robin  "]
[Site "Port Huron"]
[Date "2014.05.22"]
[Round "2"]
[White "Morabito, Matthew"]
[Black "Bedy, Noel"]
[Result "1-0"]
[WhiteElo "1801"]
[BlackElo "1509"]
[PlyCount "119"]
[EventDate "2014.05.22"]
[EventType "tourn"]
[EventRounds "5"]

1. Nf3 d5 2. g3 c6 3. Bg2 Bg4 4. O-O Nd7 5. c4 e6 6. cxd5 cxd5 7. Qa4 Bh5 8. d3 Bd6 9. Nc3 Ngf6 10. Nb5 Bb8 11. Bg5 O-O 12. Rac1 a6 13. Qa3 Be5 14. Nd6 Bxd6 15. Qxd6 h6 16. Bd2 Nb6 17. Qxd8 Rfxd8 18. Ba5 Bxf3 19. Bxf3 Rd6 20. Rc7 Nfd7 21. Rfc1 Rb8 22. Bb4 Rc6 23. R1xc6 bxc6 24. Bc3 Rc8 25. Rxc8+ Nxc8 26. d4 c5 27. e4 Ncb6 28. dxc5 Nxc5 29. Bd4 dxe4 30. b4 exf3 31. Bxc5 Nd7 32. Be3 Kf8 33. a4 Ne5 34. b5 axb5 35. a5 Nc6 36. a6 b4 37. Bc5+ Ke8 38. Bxb4 Kd7 39. Bc5 e5 $4 {[39....,Kc7 stops the a pawn!]} 40. a7 Nxa7 41. Bxa7 g5 42. Kf1 Kd6 43. Ke1 Kd5 44. Kd2 Ke4 45. h3 h5 46. Be3 g4 47. h4 f5 48. Bg5 f4 49. gxf4 exf4 50. Ke1 Kf5 51. Kf1 Ke4 52. Bd8 Kf5 53. Bc7 Ke4 54. Ke1 Kf5 55. Kd2 Ke4 56. Bd6 Kf5 57. Kd3 g3 58. fxg3 fxg3 59. Bxg3 Kg4 60. Bf2 1-0

[Event "August 2012 USCF G/90 Quads"]
[Site "Port Huron"]
[Date "2012.08.30"]
[Round "3"]
[White "Bedy, Noel"]
[Black "Rutkofske, Lonnie"]
[Result "1/2-1/2"]
[WhiteElo "1539"]
[BlackElo "1831"]
[PlyCount "44"]
[EventDate "2012.08.30"]
[EventType "tourn"]
[EventRounds "3"]

1. e4 g6 2. d4 c5 3. d5 Bg7 4. Nc3 d6 5. Nf3 Nd7 6. Bb5 a6 7. Bxd7+ Bxd7 8. O-O b5 9. Re1 b4 10. Ne2 Nf6 11. e5 dxe5 12. Nxe5 O-O 13. Nxd7 Qxd7 14. c4 Rfd8 15. Be3 Rac8 16. Qc2 e6 17. dxe6 Qxe6 18. Nf4 Qc6 19. Rad1 Bf8 20. Rxd8 Rxd8 21. Rd1 Rxd1+ 22. Qxd1 Qe4 1/2-1/2

[Event "August 2012 USCF G/90 Quads "]
[Site "Port Huron Chess Club"]
[Date "2012.08.30"]
[Round "3"]
[White "Wilkinson, Stewart"]
[Black "Jones, G. Avery"]
[Result "1/2-1/2"]
[WhiteElo "1847"]
[BlackElo "1484"]
[Annotator "Lon Rutkofske"]
[PlyCount "99"]
[EventDate "2012.08.30"]
[EventType "tourn"]
[EventRounds "3"]

1. e4 g6 2. d4 Bg7 3. Nc3 c6 4. Nf3 d5 5. e5 Bg4 6. h3 Bxf3 7. Qxf3 e6 8. Bd3 Nd7 9. Bf4 Qb6 10. Ne2 Qxb2 11. O-O Qb6 12. Rab1 Qc7 13. c4 Ne7 14. Bg5 dxc4 15. Bxe7 Kxe7 16. Bxc4 Nb6 17. Bb3 Rhe8 18. Ng3 Kf8 19. Ne4 Kg8 20. Rbc1 Rad8 21. Rfd1 Nd5 22. Nd6 Re7 23. Ne4 Ree8 24. Bxd5 Rxd5 25. g4 Red8 26. Nf6+ Bxf6 27. exf6 Rxd4 28. g5 Rxd1+ {Diagram  [Better was 28...Qe5!]} 29. Rxd1 Rd5 30. Rxd5 cxd5 {Diagram  [30...ed seemed stronger creating a pawn formation that seems unstoppable.]} 31. Qa3 b6 32. Qa4 Qc1+ 33. Kh2 Qc7+ 34. Kg2 Qb8 35. h4 e5 36. Qd7 d4 37. h5 b5 38. hxg6 hxg6 39. f3 a5 40. Qd5 a4 {Diagram  [40...Qe8 keeping the pawn duo abreast seems to be a better choice. If then 41.a3, Qb8 would create the threat of a passed pawn on the Q side.]} 41. a3 Qe8 42. Kg3 Qb8 43. Kg2 Qe8 {[44..Kg3 creates the threat of a draw by repetition.]} 44. Qb7 d3 45. Qe7 Qb8 46. Qd7 {Diagram } e4 47. fxe4 Qe5 48. Qc8+ Kh7 49. Qh3+ Kg8 50. Qc8+ 1/2-1/2

[Event "August 2012 USCF Quads G/90"]
[Site "Port Huron"]
[Date "2012.08.16"]
[Round "1"]
[White "Jones, G. Avery"]
[Black "Rutkofske, Lonnie"]
[Result "0-1"]
[WhiteElo "1484"]
[BlackElo "1831"]
[PlyCount "82"]
[EventDate "2012.08.17"]
[EventType "tourn"]
[EventRounds "3"]

1. d4 c5 2. c3 cxd4 3. cxd4 g6 4. Nf3 Bg7 5. Nc3 d5 6. g3 Nf6 7. Bg2 O-O 8. O-O Ne4 9. Bf4 Nxc3 10. bxc3 Qa5 11. Qb3 Nd7 12. Ne5 Nb6 13. Rfc1 Be6 14. Qc2 Rac8 15. Qd2 Nc4 16. Nxc4 Rxc4 17. Bh6 Rfc8 18. Bxg7 Kxg7 19. Qe3 Qc7 20. Rab1 b6 21. Rb3 Qd6 22. h4 h6 23. Qe5+ Qxe5 24. dxe5 d4 25. Bb7 R8c7 26. Ba6 Rxc3 27. Rbxc3 Rxc3 28. Rxc3 dxc3 29. Bd3 Bxa2 30. Bc2 b5 31. Kf1 a5 32. Ke1 a4 33. Kd1 Bb3 34. Kc1 f5 35. exf6+ exf6 36. Bd3 b4 37. Kb1 Be6 38. Ka1 b3 39. Kb1 a3 40. e3 a2+ 41. Ka1 b2# 0-1

[Event "August 2012 USCF Quads G/90"]
[Site "Port Huron"]
[Date "2012.08.16"]
[Round "1"]
[White "Wilkinson, Stewart"]
[Black "Bedy, Noel"]
[Result "1-0"]
[WhiteElo "1847"]
[BlackElo "1539"]
[PlyCount "61"]
[EventDate "2012.08.16"]
[EventType "tourn"]
[EventRounds "3"]

1. e4 d5 2. exd5 Qxd5 3. Nf3 Nf6 4. d4 Bg4 5. Be2 Nc6 6. O-O e6 7. Be3 Bd6 8. Nbd2 O-O-O 9. c4 Qf5 10. c5 Bf4 11. g3 Bh6 12. Nh4 Bxe2 13. Qxe2 Qd5 14. Nb3 g5 15. Nf3 g4 16. Nh4 Bg5 17. Ng2 h5 18. Bxg5 Qxg5 19. Qe3 Qf5 20. Rac1 Nd5 21. Qe2 Rhe8 22. Nh4 Qf6 23. Rfd1 e5 24. dxe5 Nxe5 25. Qf1 c6 26. Nd4 Ng6 27. Nhf5 h4 28. Nd6+ Rxd6 29. cxd6 Qxd6 30. Nf5 Qf6 31. Rxd5 1-0